[Event "North-West Cup final"]
[Site "St Petersburg"]
[Date "2011.12.09"]
[Round "5"]
[White "Toivonen, Alexander"]
[Black "Kudryashov, Sergei"]
[Result "0-1"]
[WhiteElo "2254"]
[BlackElo "2265"]
[PlyCount "130"]
[EventDate "2011.12.05"]
[EventType "tourn"]
[EventRounds "9"]
[EventCountry "RUS"]
[SourceTitle "EXT 2022"]
[Source "ChessBase"]
[SourceDate "2021.10.06"]
[SourceVersion "1"]
[SourceVersionDate "2021.10.06"]
[SourceQuality "1"]

1. d4 Nf6 2. g3 g6 3. Bg2 Bg7 4. e4 d6 5. Nc3 0-0 6. Nge2 e5 7. 0-0 Nc6 8. d5 Ne7 9. h3 c6 10. g4 cxd5 11. exd5 h5 12. g5 Nh7 13. Ng3 Nf5 14. Nce4 Nh4 15. Be3 Nxg2 16. Kxg2 h4 17. Ne2 Bf5 18. N2c3 b5 19. a3 a5 20. f3 Rc8 21. Qd2 b4 22. axb4 axb4 23. Na4 Bxe4 24. fxe4 Rb8 25. Kh2 Qc7 26. b3 f5 27. gxf6 Nxf6 28. Nb2 Nxe4 29. Rxf8+ Rxf8 30. Qd3 Ng3 31. Ra7 e4 32. Rxc7 exd3 33. Rxg7+ Kxg7 34. Bd4+ Kf7 35. Nxd3 Rb8 36. Bf2 Nf5 37. Kg2 Ne7 38. Bxh4 Nxd5 39. Kf3 Rc8 40. Ke4 Ke6 41. Ne1 Rc3 42. Bf2 Rxh3 43. Nf3 Nc3+ 44. Kf4 Rh1 45. Be1 Kd5 46. Bd2 Rh8 47. Ne1 Rf8+ 48. Ke3 Re8+ 49. Kd3 Kc5 50. Nf3 Nd1 51. Bf4 Rf8 52. Ng5 Kd5 53. Bd2 Rf5 54. Ke2 Nf2 55. Nf3 Ne4 56. Bxb4 Ng3+ 57. Ke3 Nf1+ 58. Ke2 Ke4 59. Ne1 Ng3+ 60. Kd2 g5 61. c4 Rf6 62. c5 dxc5 63. Bxc5 g4 64. b4 Nf5 65. b5 Nd4 0-1

[Event "Pskov-ch"]
[Site "Pskov"]
[Date "2010.01.04"]
[Round "2.3"]
[White "Kudryashov, Sergei"]
[Black "Vlassow, Valentin"]
[Result "0-1"]
[WhiteElo "2229"]
[BlackElo "2331"]
[PlyCount "72"]
[EventDate "2010.01.03"]
[EventType "tourn"]
[EventRounds "8"]
[EventCountry "RUS"]
[SourceTitle "EXT 2022"]
[Source "ChessBase"]
[SourceDate "2021.10.06"]
[SourceVersion "1"]
[SourceVersionDate "2021.10.06"]
[SourceQuality "1"]

1. d4 d5 2. c4 dxc4 3. Nf3 Nf6 4. e3 g6 5. Bxc4 Bg7 6. 0-0 0-0 7. Nc3 Ne8 8. e4 Bg4 9. Be3 Bxf3 10. gxf3 Nc6 11. d5 Ne5 12. Be2 Nd6 13. Rb1 Nec4 14. Bd4 e5 15. dxe6 fxe6 16. Bxg7 Kxg7 17. Kh1 Qf6 18. Rg1 Rad8 19. Qc2 Qd4 20. Rg2 Ne5 21. Rd1 Qc5 22. Qb3 Nxf3 23. Qxe6 Rde8 24. Qg4 Nd4 25. Bd3 Qe5 26. Nd5 Ne6 27. f3 Nf4 28. Nxf4 Rxf4 29. Qg3 Ref8 30. Rf2 Qf6 31. b3 Nf7 32. Bf1 Ng5 33. Rd7+ Kh8 34. e5 Qxe5 35. Re2 Qf5 36. Bg2 Qxd7 0-1

[Event "Pskov 5th op"]
[Site "Pskov"]
[Date "2008.06.23"]
[Round "1.15"]
[White "Tkachev, Taras"]
[Black "Kudryashov, Sergei"]
[Result "1/2-1/2"]
[WhiteElo "1986"]
[BlackElo "2166"]
[PlyCount "110"]
[EventDate "2008.06.22"]
[EventType "swiss"]
[EventRounds "9"]
[EventCountry "RUS"]
[SourceTitle "EXT 2022"]
[Source "ChessBase"]
[SourceDate "2021.10.06"]
[SourceVersion "1"]
[SourceVersionDate "2021.10.06"]
[SourceQuality "1"]

1. d4 Nf6 2. b4 g6 3. Bb2 Bg7 4. Nf3 0-0 5. Nbd2 d5 6. e3 b6 7. c4 dxc4 8. Bxc4 Bb7 9. 0-0 Nbd7 10. Rc1 Ne4 11. Nxe4 Bxe4 12. Ng5 Bb7 13. Qc2 Rc8 14. Ne4 e6 15. Rfd1 Qh4 16. Ng3 Nf6 17. a4 h5 18. Qe2 Bh6 19. h3 Nd5 20. Bxd5 Bxd5 21. Rc3 Bb7 22. Rdc1 Qe7 23. Ba3 Rfd8 24. Qc2 Rd7 25. b5 Qg5 26. Ne4 Qf5 27. Nd6 Qxc2 28. R1xc2 cxd6 29. Rxc8+ Bxc8 30. Rxc8+ Kg7 31. Rc6 d5 32. Bd6 Bg5 33. Kf1 Bd8 34. Ke2 f6 35. Kd3 Kf7 36. f3 Rb7 37. Kc3 Ke8 38. Kb3 Kd7 39. Bb4 Be7 40. Bxe7 Kxe7 41. Rc8 Kf7 42. Rh8 Re7 43. Kb4 Kg7 44. Rc8 f5 45. f4 Kf7 46. a5 Rb7 47. Rc6 Ke7 48. Rc8 Kf7 49. g3 Kg7 50. h4 Kf7 51. Rh8 Kg7 52. Rc8 Kf7 53. Ka4 Kg7 54. Rc6 Kf7 55. a6 Re7 1/2-1/2